000 00540nam a2200157 a 4500
008 120416s1961 ||||||||||||||||| || u
020 _a0521074479
050 _aTA 174 Gle
100 _aGlegg, Gordon Lindsay
245 1 4 _aThe design of design
260 _aCambridge:
_bThe University Press
_c1961
300 _a(6), 93p. : ill
350 _a0.00
650 _aENGINEERING DESIGN
995 _D0.00
_FCBU-MAIN LIBRARY (Kitwe)
_H1
_I2.00
_M1
_UAVAILABLE
_ZAnnex Low-Usage Collection
999 _c39723
_d39723